000 00644nam a2200193 i 4500
001 54241
003 ES-MaACL
005 20250901110114.0
007 t|
008 960716s1898 sp |||| | spa d
100 1 _aFiter e Inglés, José.
_951060
245 1 0 _aEfemérides de la historia del comercio y de la industria /
_cpor José Fiter e Inglés.
260 _aBarcelona :
_b[s.n.],
_c1898 (
_fImp. y litografía de José Cunil Sala)
300 _a432, XXI p. ;
_c17 cm.
650 0 4 _aComercio-
_vHistoria
_911160
650 4 _aIndustria-
_zEspaña-
_vHistoria.
_9148011
852 _aES-MaACL
_jG-10147
999 _c54241
_d54241